[Event "Titled Tuesday intern op 04th Jul Early"]
[Site "Chess.com INT"]
[Date "2023.07.04"]
[Round "3"]
[White "Torres Dominguez, David"]
[Black "Cruz, William Ferreira Da"]
[Result "1/2-1/2"]
[WhiteElo "1976"]
[BlackElo "2216"]
[PlyCount "224"]
[EventDate "2023.07.04"]
[EventType "swiss (blitz)"]
[EventRounds "11"]
[EventCountry "USA"]
[SourceTitle "EXT 2024"]
[Source "ChessBase"]
[SourceDate "2023.10.10"]
[SourceVersion "1"]
[SourceVersionDate "2023.10.10"]
[SourceQuality "1"]

1. e4 e6 2. d4 d5 3. exd5 exd5 4. Bd3 Nf6 5. Nf3 Bd6 6. 0-0 0-0 7. h3 Nc6 8. Bg5 h6 9. Bxf6 Qxf6 10. Nc3 Nb4 11. a3 Nxd3 12. Qxd3 c6 13. Rfe1 Bf5 14. Qd2 Rfe8 15. Re3 Be4 16. Nxe4 dxe4 17. Ne5 Bxe5 18. dxe5 Qxe5 19. Qb4 b5 20. Rae1 f5 21. f3 a5 22. Qc3 Qxc3 23. bxc3 Rad8 24. fxe4 Rxe4 25. Rxe4 fxe4 26. Rxe4 Rd2 27. Re6 Rxc2 28. Rxc6 b4 29. axb4 axb4 30. c4 b3 31. Rb6 b2 32. Kh2 Kf7 33. c5 Ke7 34. Rb7+ Kd8 35. c6 Kc8 36. h4 h5 37. Kg3 g6 38. Kf3 Kd8 39. Kg3 Rc3+ 40. Kf4 Rc2 41. Kg3 Rxc6 42. Rxb2 Ke7 43. Rf2 Rc4 44. Rf4 Rc3+ 45. Kf2 Ke6 46. Rf8 Ke5 47. Rf7 Rc5 48. Rf8 Rc4 49. Kg3 Rg4+ 50. Kh3 Rd4 51. Kg3 Rd3+ 52. Kf2 Rd6 53. Kg3 Ke4 54. Rf4+ Ke3 55. Rf3+ Ke4 56. Rf4+ Ke5 57. Rf8 Ra6 58. Rf1 Ra2 59. Rf8 Ra3+ 60. Kf2 Ke6 61. Rf4 Rb3 62. Rf8 Rb4 63. Kg3 Ke7 64. Rf2 Rg4+ 65. Kh3 Ke6 66. g3 Ke5 67. Kg2 Ke4 68. Re2+ Kd3 69. Re8 Kd2 70. Kf3 Kd3 71. Rd8+ Kc4 72. Rd6 Kc5 73. Rd2 Ra4 74. Rb2 Ra6 75. Rd2 Rf6+ 76. Ke4 Kc4 77. Rc2+ Kb3 78. Rc1 Kb2 79. Rc5 Kb3 80. Rg5 Kc4 81. Ke5 Ra6 82. g4 hxg4 83. Rxg4+ Kd3 84. h5 gxh5 85. Rh4 Ke3 86. Kf5 Ra5+ 87. Kg6 Kf3 88. Rxh5 Ra6+ 89. Kg5 Ke4 90. Rh8 Ra5+ 91. Kf6 Ra6+ 92. Kf7 Kf5 93. Rh5+ Kg4 94. Rb5 Kf4 95. Ke7 Ra7+ 96. Kd6 Ke4 97. Rb4+ Kd3 98. Rb5 Kc4 99. Rd5 Ra6+ 100. Ke5 Rh6 101. Rd4+ Kc5 102. Rd5+ Kc6 103. Rd1 Rh5+ 104. Ke6 Rh2 105. Rc1+ Kb5 106. Rc3 Re2+ 107. Kd5 Kb4 108. Rc8 Rd2+ 109. Ke4 Kb5 110. Ke3 Rd6 111. Ke4 Rc6 112. Rxc6 Kxc6 1/2-1/2

[Event "Titled Tuesday intern op 04th Jul Early"]
[Site "Chess.com INT"]
[Date "2023.07.04"]
[Round "6"]
[White "Torres Dominguez, David"]
[Black "Howell, David"]
[Result "0-1"]
[WhiteElo "1976"]
[BlackElo "2677"]
[PlyCount "72"]
[EventDate "2023.07.04"]
[EventType "swiss (blitz)"]
[EventRounds "11"]
[EventCountry "USA"]
[SourceTitle "EXT 2024"]
[Source "ChessBase"]
[SourceDate "2023.10.10"]
[SourceVersion "1"]
[SourceVersionDate "2023.10.10"]
[SourceQuality "1"]

1. e4 c5 2. Nc3 Nc6 3. Bb5 Nd4 4. Bc4 e6 5. Nge2 Nxe2 6. Qxe2 a6 7. a4 Ne7 8. 0-0 Nc6 9. d3 Be7 10. f4 0-0 11. e5 d5 12. exd6 Qxd6 13. Be3 Nd4 14. Qf2 Bd7 15. Ne4 Qc7 16. Nxc5 Nxc2 17. Nxa6 Rxa6 18. Qxc2 Rfa8 19. Rfc1 Rxa4 20. Rxa4 Bxa4 21. Bb3 Qxc2 22. Bxc2 Bb5 23. Bd4 h5 24. Bc3 Bd6 25. g3 g6 26. Bd1 Bxd3 27. Bf3 Ba6 28. Rd1 Rd8 29. Kg2 Be7 30. Rxd8+ Bxd8 31. Be4 Kf8 32. Bb4+ Ke8 33. Kf3 Kd7 34. Bc5 Bc7 35. Ke3 Kc8 36. Kd4 Bb5 0-1

[Event "Titled Tuesday intern op 04th Jul Early"]
[Site "Chess.com INT"]
[Date "2023.07.04"]
[Round "10"]
[White "Torres Dominguez, David"]
[Black "Vargas, Mauricio"]
[Result "1-0"]
[WhiteElo "1976"]
[BlackElo "2035"]
[PlyCount "79"]
[EventDate "2023.07.04"]
[EventType "swiss (blitz)"]
[EventRounds "11"]
[EventCountry "USA"]
[SourceTitle "EXT 2024"]
[Source "ChessBase"]
[SourceDate "2023.10.10"]
[SourceVersion "1"]
[SourceVersionDate "2023.10.10"]
[SourceQuality "1"]

1. e4 c6 2. Nf3 d5 3. d3 g6 4. e5 Bg7 5. d4 Nd7 6. Bd3 c5 7. c3 cxd4 8. cxd4 a6 9. 0-0 b5 10. Nc3 Nb6 11. Re1 Nc4 12. b3 Nb6 13. h3 e6 14. Bg5 Qd7 15. Qe2 Ne7 16. Nxb5 0-0 17. Nd6 h6 18. Bd2 Nf5 19. g4 Nxd6 20. exd6 Qxd6 21. a3 Nd7 22. Bb4 Qf4 23. Bxf8 Nxf8 24. Qe3 Qf6 25. Rac1 Rb8 26. b4 Nh7 27. Qe5 Ra8 28. Qxf6 Nxf6 29. Rc7 Ne8 30. Rc3 Nd6 31. Rec1 Nb5 32. Bxb5 axb5 33. Rxc8+ Rxc8 34. Rxc8+ Kh7 35. Rc7 Kg8 36. Rb7 h5 37. gxh5 gxh5 38. Rxb5 Kh7 39. Rb7 Kg6 40. a4 1-0

[Event "Titled Tuesday intern op 27th Jun Early"]
[Site "Chess.com INT"]
[Date "2023.06.27"]
[Round "9"]
[White "Torres Dominguez, David"]
[Black "Tosic, Srecko"]
[Result "0-1"]
[WhiteElo "1976"]
[BlackElo "2309"]
[PlyCount "108"]
[EventDate "2023.06.27"]
[EventType "swiss (blitz)"]
[EventRounds "11"]
[EventCountry "USA"]
[SourceTitle "EXT 2024"]
[Source "ChessBase"]
[SourceDate "2023.10.10"]
[SourceVersion "1"]
[SourceVersionDate "2023.10.10"]
[SourceQuality "1"]

1. e4 e6 2. d4 d5 3. exd5 exd5 4. Bd3 c6 5. Nf3 Bd6 6. 0-0 Ne7 7. Ne5 Bf5 8. Re1 0-0 9. Bf1 Nd7 10. Nc3 f6 11. Nd3 Qc7 12. g3 Rae8 13. Bf4 Ng6 14. Bxd6 Qxd6 15. Qd2 Nb6 16. b3 Nc8 17. Rxe8 Rxe8 18. Re1 Rxe1 19. Nxe1 Kf7 20. f3 Qb4 21. a4 Nd6 22. Ne4 Qxd2 23. Nxd2 b6 24. Kf2 c5 25. c3 Ne7 26. g4 Bg6 27. Ng2 cxd4 28. cxd4 Nc6 29. Ke3 f5 30. h3 fxg4 31. hxg4 Bc2 32. Nf4 Nb4 33. Be2 g5 34. Nd3 a5 35. Ne5+ Ke6 36. Nd3 h5 37. gxh5 Nf5+ 38. Kf2 Nxd4 39. Nxb4 axb4 40. h6 Kf6 41. h7 Bxh7 42. Ke3 Ke5 43. Bd1 Bg6 44. Nf1 Bc2 45. Bxc2 Nxc2+ 46. Kd3 Nd4 47. Nd2 Ne6 48. Ke3 Nc5 49. Kf2 Kd4 50. Ke2 Kc3 51. Ke3 Nxb3 52. Nf1 d4+ 53. Ke4 Nc5+ 54. Kf5 b3 0-1

[Event "Titled Tuesday intern op 20th Jun Early"]
[Site "Chess.com INT"]
[Date "2023.06.20"]
[Round "10"]
[White "Dwilewicz, Katarzyna"]
[Black "Torres Dominguez, David"]
[Result "0-1"]
[WhiteElo "2134"]
[BlackElo "1976"]
[PlyCount "64"]
[EventDate "2023.06.20"]
[EventType "swiss (blitz)"]
[EventRounds "11"]
[EventCountry "USA"]
[SourceTitle "EXT 2024"]
[Source "ChessBase"]
[SourceDate "2023.10.10"]
[SourceVersion "1"]
[SourceVersionDate "2023.10.10"]
[SourceQuality "1"]

1. e4 Nc6 2. d4 e5 3. d5 Nce7 4. Nc3 Ng6 5. Be3 Bb4 6. Nge2 d6 7. Qd3 Bd7 8. 0-0-0 N8e7 9. Kb1 0-0 10. h4 f5 11. h5 Nf4 12. Bxf4 exf4 13. Nxf4 fxe4 14. Qxe4 Bxc3 15. bxc3 Bf5 16. Qe3 Qd7 17. Bd3 Rae8 18. Qd4 Bxd3 19. cxd3 Nf5 20. Qc4 b5 21. Qb3 Nd4 22. cxd4 Rxf4 23. f3 Rxd4 24. Rhe1 a5 25. Re4 Rexe4 26. dxe4 Rb4 27. Kb2 Qe7 28. Qxb4 axb4 29. Kb3 Qe5 30. Kxb4 Qb2+ 31. Ka5 Qxa2+ 32. Kxb5 Qe2+ 0-1

[Event "Titled Tuesday intern op 20th Jun Late"]
[Site "Chess.com INT"]
[Date "2023.06.20"]
[Round "6"]
[White "Slavin, Alexei"]
[Black "Torres Dominguez, David"]
[Result "1-0"]
[WhiteElo "2364"]
[BlackElo "1976"]
[PlyCount "65"]
[EventDate "2023.06.20"]
[EventType "swiss (blitz)"]
[EventRounds "11"]
[EventCountry "USA"]
[SourceTitle "EXT 2024"]
[Source "ChessBase"]
[SourceDate "2023.10.10"]
[SourceVersion "1"]
[SourceVersionDate "2023.10.10"]
[SourceQuality "1"]

1. e4 Nc6 2. Nc3 e5 3. Bb5 Nge7 4. Nf3 g6 5. d3 Bg7 6. 0-0 0-0 7. Ne2 d6 8. Ng3 h6 9. c3 Qe8 10. Ba4 f5 11. exf5 Nxf5 12. Ne4 Qe7 13. Re1 Nh4 14. Bb3+ Kh8 15. Nxh4 Qxh4 16. Ng3 Bd7 17. Re4 Qf6 18. f3 Rae8 19. Bd2 Ne7 20. Re1 d5 21. Qc1 Kh7 22. Bc2 Nf5 23. Rf1 Nh4 24. f4 exf4 25. Bxf4 Qb6+ 26. d4 Bb5 27. Rf2 Rf7 28. Nh5 Ref8 29. Nxg7 Rxg7 30. Bxh6 Rxf2 31. Kxf2 Rf7+ 32. Kg1 Qe6 33. Be3 1-0

[Event "Titled Tuesday intern op 20th Jun Late"]
[Site "Chess.com INT"]
[Date "2023.06.20"]
[Round "4"]
[White "Sreyas, Payyappat"]
[Black "Torres Dominguez, David"]
[Result "1-0"]
[WhiteElo "2070"]
[BlackElo "1976"]
[PlyCount "65"]
[EventDate "2023.06.20"]
[EventType "swiss (blitz)"]
[EventRounds "11"]
[EventCountry "USA"]
[SourceTitle "EXT 2024"]
[Source "ChessBase"]
[SourceDate "2023.10.10"]
[SourceVersion "1"]
[SourceVersionDate "2023.10.10"]
[SourceQuality "1"]

1. e4 e5 2. Nf3 Nc6 3. Bc4 Bc5 4. c3 Nf6 5. d4 exd4 6. e5 d5 7. Bb5 Ne4 8. cxd4 Bb6 9. Nc3 0-0 10. Be3 Bg4 11. h3 Bh5 12. Qc2 Bg6 13. Qb3 Ne7 14. 0-0 c6 15. Bd3 Nxc3 16. Qxc3 Bxd3 17. Qxd3 Ng6 18. Ng5 Qd7 19. f4 h6 20. f5 hxg5 21. fxg6 fxg6 22. Qxg6 Qe7 23. Kh1 Rxf1+ 24. Rxf1 Rf8 25. Rxf8+ Qxf8 26. Qxg5 Qb4 27. Qf4 Qxb2 28. e6 Qb1+ 29. Kh2 Qe4 30. Qf7+ Kh7 31. e7 Bc7+ 32. Kh1 Qxe3 33. Qh5+ 1-0

[Event "Titled Tuesday intern op 20th Jun Early"]
[Site "Chess.com INT"]
[Date "2023.06.20"]
[Round "6"]
[White "Torres Dominguez, David"]
[Black "Georg, Heinz"]
[Result "1-0"]
[WhiteElo "1976"]
[BlackElo "2118"]
[PlyCount "97"]
[EventDate "2023.06.20"]
[EventType "swiss (blitz)"]
[EventRounds "11"]
[EventCountry "USA"]
[SourceTitle "EXT 2024"]
[Source "ChessBase"]
[SourceDate "2023.10.10"]
[SourceVersion "1"]
[SourceVersionDate "2023.10.10"]
[SourceQuality "1"]

1. e4 e5 2. Bc4 Nf6 3. Nc3 Nxe4 4. Qh5 Nd6 5. Qxe5+ Qe7 6. Qxe7+ Bxe7 7. Be2 c6 8. Nf3 0-0 9. d4 Nf5 10. g4 Nh4 11. Kf1 Nxf3 12. Bxf3 d5 13. Ne2 f5 14. g5 Na6 15. c3 Bd7 16. h4 Rae8 17. Bf4 Bd8 18. Re1 Bc7 19. Bxc7 Nxc7 20. Nf4 Rxe1+ 21. Kxe1 Re8+ 22. Kd2 b5 23. Nd3 Ne6 24. Ne5 Re7 25. Re1 Nf8 26. Nd3 Kf7 27. Ne5+ Ke8 28. Bh5+ g6 29. Bf3 Ne6 30. Nd3 Ng7 31. Rxe7+ Kxe7 32. b4 Ne8 33. Ke3 Nd6 34. Ne5 a6 35. Bg2 Ne4 36. Bxe4 fxe4 37. Kf4 Be8 38. f3 exf3 39. Kxf3 Ke6 40. Kf4 Kd6 41. Ng4 Bd7 42. Nf6 Bf5 43. Nxh7 Bb1 44. a3 Ke6 45. Nf6 Bc2 46. Ng4 Bd1 47. Ne5 Bc2 48. Nxc6 Bd3 49. Nb8 1-0

[Event "Titled Tuesday intern op 20th Jun Late"]
[Site "Chess.com INT"]
[Date "2023.06.20"]
[Round "3"]
[White "Uzcategui Rodriguez, Alejandro"]
[Black "Torres Dominguez, David"]
[Result "1/2-1/2"]
[WhiteElo "2290"]
[BlackElo "1976"]
[PlyCount "78"]
[EventDate "2023.06.20"]
[EventType "swiss (blitz)"]
[EventRounds "11"]
[EventCountry "USA"]
[SourceTitle "EXT 2024"]
[Source "ChessBase"]
[SourceDate "2023.10.10"]
[SourceVersion "1"]
[SourceVersionDate "2023.10.10"]
[SourceQuality "1"]

1. e4 e5 2. Nf3 Nc6 3. d4 exd4 4. Bc4 Bc5 5. c3 Nf6 6. e5 d5 7. Bb5 Ne4 8. cxd4 Bb6 9. Nc3 0-0 10. Be3 Bg4 11. h3 Bh5 12. Qc2 Bg6 13. Qb3 Ne7 14. 0-0 c6 15. Bd3 Nxc3 16. Qxc3 Bxd3 17. Qxd3 Ng6 18. Ng5 Qd7 19. f4 h6 20. f5 hxg5 21. fxg6 fxg6 22. Qxg6 Qe7 23. Rad1 Rxf1+ 24. Rxf1 Rf8 25. Rxf8+ Qxf8 26. Qxg5 Qb4 27. e6 Qe1+ 28. Kh2 Bc7+ 29. Bf4 Bxf4+ 30. Qxf4 Qxe6 31. Qb8+ Kh7 32. Qxb7 Qf5 33. Qc7 Qf2 34. b4 Qxd4 35. Qxc6 Qe5+ 36. Kg1 Qe1+ 37. Kh2 Qe5+ 38. Kh1 Qe1+ 39. Kh2 Qe5+ 1/2-1/2

[Event "Titled Tuesday intern op 13th Jun Late"]
[Site "Chess.com INT"]
[Date "2023.06.13"]
[Round "9"]
[White "Torres Dominguez, David"]
[Black "Aalto, Patrik"]
[Result "0-1"]
[WhiteElo "1976"]
[BlackElo "2226"]
[PlyCount "90"]
[EventDate "2023.06.13"]
[EventType "swiss (blitz)"]
[EventRounds "11"]
[EventCountry "USA"]
[SourceTitle "EXT 2024"]
[Source "ChessBase"]
[SourceDate "2023.10.10"]
[SourceVersion "1"]
[SourceVersionDate "2023.10.10"]
[SourceQuality "1"]

1. e4 c5 2. Nc3 a6 3. f4 b5 4. Nf3 Bb7 5. d3 e6 6. Be2 d5 7. 0-0 dxe4 8. Nxe4 Nf6 9. Nxf6+ Qxf6 10. Ne5 Bd6 11. Bf3 Qe7 12. Bxb7 Qxb7 13. Qg4 0-0 14. Nf3 Nd7 15. Bd2 Nf6 16. Qh4 Be7 17. Bc3 Nd5 18. Qg3 Nxc3 19. bxc3 Bf6 20. Ne5 Qc7 21. Rae1 Rad8 22. Re2 g6 23. h4 Bg7 24. h5 Rd5 25. c4 Rd4 26. hxg6 hxg6 27. Ng4 bxc4 28. dxc4 Rxc4 29. Qh3 Qe7 30. Rf3 Rd8 31. Nh6+ Bxh6 32. Qxh6 Qf6 33. Rh3 Qg7 34. Qg5 Rd1+ 35. Kh2 Rcd4 36. Rf2 Re1 37. f5 Rdd1 38. f6 Rh1+ 39. Kg3 Rxh3+ 40. Kxh3 Qh7+ 41. Kg3 Rd5 42. Qf4 Kh8 43. Qb8+ Qg8 44. Qf4 Rh5 45. Kf3 Rf5 0-1

[Event "Titled Tuesday intern op 06th Jun Late"]
[Site "Chess.com INT"]
[Date "2023.06.06"]
[Round "3"]
[White "Torres Dominguez, David"]
[Black "Hajiyev, Kanan"]
[Result "1/2-1/2"]
[WhiteElo "1976"]
[BlackElo "2164"]
[PlyCount "121"]
[EventDate "2023.06.06"]
[EventType "swiss (blitz)"]
[EventRounds "11"]
[EventCountry "USA"]
[SourceTitle "EXT 2024"]
[Source "ChessBase"]
[SourceDate "2023.10.10"]
[SourceVersion "1"]
[SourceVersionDate "2023.10.10"]
[SourceQuality "1"]

1. e4 c6 2. Nf3 d5 3. d3 a6 4. Be2 Bg4 5. 0-0 e6 6. Nfd2 Bxe2 7. Qxe2 Nf6 8. Nc3 Bb4 9. Nd1 0-0 10. c3 Be7 11. d4 dxe4 12. Nxe4 Nxe4 13. Qxe4 Qd5 14. Qe2 Nd7 15. Bf4 Nf6 16. Ne3 Qe4 17. Bg3 Nd5 18. Rfe1 Nxe3 19. Qxe3 Qxe3 20. Rxe3 Rfd8 21. Rd1 Bg5 22. Red3 Rd7 23. Kf1 Rad8 24. Ke2 Kf8 25. f3 h5 26. Be5 g6 27. h3 Ke7 28. Bg3 Bf6 29. Be5 Rd5 30. Bxf6+ Kxf6 31. f4 h4 32. Kf3 Kf5 33. b4 g5 34. fxg5 Kxg5 35. Ke4 Rf5 36. Ke3 a5 37. bxa5 Rxa5 38. R1d2 Rda8 39. Rf2 f5 40. Rdd2 Ra3 41. Kd3 b5 42. Rc2 b4 43. Rfe2 Kf6 44. Rf2 bxc3 45. Rxc3 Rxa2 46. Rxa2 Rxa2 47. Rxc6 Rxg2 48. d5 Rg3+ 49. Ke2 Rxh3 50. Rxe6+ Kf7 51. Rh6 Ke7 52. Rh5 f4 53. Rf5 Re3+ 54. Kf2 Re4 55. Kf3 Rd4 56. Rxf4 Rxf4+ 57. Kxf4 Kd6 58. Kg4 Kxd5 59. Kh3 Ke5 60. Kg4 h3 61. Kxh3 1/2-1/2

[Event "Titled Tuesday intern op 06th Jun Late"]
[Site "Chess.com INT"]
[Date "2023.06.06"]
[Round "7"]
[White "Torres Dominguez, David"]
[Black "Ozalp, Burak"]
[Result "0-1"]
[WhiteElo "1976"]
[BlackElo "2183"]
[PlyCount "112"]
[EventDate "2023.06.06"]
[EventType "swiss (blitz)"]
[EventRounds "11"]
[EventCountry "USA"]
[SourceTitle "EXT 2024"]
[Source "ChessBase"]
[SourceDate "2023.10.10"]
[SourceVersion "1"]
[SourceVersionDate "2023.10.10"]
[SourceQuality "1"]

1. e4 c5 2. Nc3 a6 3. Nf3 b5 4. d4 cxd4 5. Nxd4 Bb7 6. Bd3 e6 7. 0-0 Qb6 8. Nb3 Nf6 9. Be3 Qc7 10. Re1 Be7 11. h3 0-0 12. Qd2 b4 13. Na4 Nxe4 14. Bxe4 Bxe4 15. Nb6 Ra7 16. Nxd7 Nxd7 17. Bxa7 Bxg2 18. Kxg2 Qxa7 19. f3 Nf6 20. Rad1 Nd5 21. Qd4 Qb8 22. h4 Bf6 23. Qg4 h5 24. Qe4 Nf4+ 25. Kh1 Ng6 26. Rg1 Nxh4 27. Nd4 Qe5 28. Qxe5 Bxe5 29. Nc6 Bxb2 30. Nxb4 a5 31. Nd3 Bf6 32. Rgf1 Nf5 33. Kh2 Rc8 34. Kg2 Rxc2+ 35. Rf2 Ne3+ 36. Kg1 Rxf2 37. Nxf2 Nxd1 38. Nxd1 g5 39. Kf1 Kg7 40. Ke2 Kg6 41. Kd3 g4 42. fxg4 hxg4 43. Nf2 Kf5 44. Ne4 Be5 45. Nd2 g3 46. Ke2 Kg4 47. Kf1 f5 48. Kg2 f4 49. Nf3 Bf6 50. a4 e5 51. Nd2 e4 52. Nxe4 f3+ 53. Kg1 Bd4+ 54. Kf1 g2+ 55. Ke1 g1Q+ 56. Kd2 Qe3+ 0-1

[Event "Titled Tuesday intern op 06th Jun Early"]
[Site "Chess.com INT"]
[Date "2023.06.06"]
[Round "4"]
[White "Torres Dominguez, David"]
[Black "Svicevic, Rastko"]
[Result "1-0"]
[WhiteElo "1976"]
[BlackElo "2154"]
[PlyCount "157"]
[EventDate "2023.06.06"]
[EventType "swiss (blitz)"]
[EventRounds "11"]
[EventCountry "USA"]
[SourceTitle "EXT 2024"]
[Source "ChessBase"]
[SourceDate "2023.10.10"]
[SourceVersion "1"]
[SourceVersionDate "2023.10.10"]
[SourceQuality "1"]

1. e4 c6 2. Nf3 d5 3. d3 Bg4 4. Be2 e6 5. Nfd2 Bxe2 6. Qxe2 Nd7 7. 0-0 g6 8. Nf3 Bg7 9. Nbd2 Ne7 10. d4 dxe4 11. Nxe4 Nf5 12. c3 0-0 13. Bg5 Qb6 14. Rab1 h6 15. Bf4 g5 16. Bxg5 hxg5 17. Nfxg5 Nf6 18. Rbe1 Nxe4 19. Qxe4 Bf6 20. Qg4 Ng7 21. Re3 Bxg5 22. Qxg5 f6 23. Qg6 Rf7 24. Rxe6 Qb5 25. f4 Qf5 26. Qxf5 Nxf5 27. Rfe1 Kf8 28. g4 Ne7 29. Kf2 Nd5 30. Kf3 Kg7 31. h4 Rh8 32. h5 f5 33. h6+ Rxh6 34. Rxh6 Kxh6 35. g5+ Kg7 36. Re5 Rf8 37. c4 Nb4 38. a3 Nd3 39. Re7+ Rf7 40. Rxf7+ Kxf7 41. b4 Ne1+ 42. Ke3 Nc2+ 43. Kd3 Nxa3 44. Kc3 b5 45. d5 Nxc4 46. dxc6 Nd6 47. c7 Ke7 48. Kd4 Kd7 49. g6 Ne8 50. Ke5 Kxc7 51. Kxf5 a5 52. bxa5 b4 53. a6 b3 54. a7 Kb7 55. Ke6 Kxa7 56. Ke7 b2 57. Kxe8 b1Q 58. g7 Qe4+ 59. Kf7 Qxf4+ 60. Kg6 Qg4+ 61. Kh7 Qh5+ 62. Kg8 Kb7 63. Kf8 Qf5+ 64. Ke7 Qg6 65. Kf8 Qf6+ 66. Kg8 Kc7 67. Kh7 Qh4+ 68. Kg6 Qg4+ 69. Kf7 Qf5+ 70. Ke7 Qg6 71. Kf8 Qf6+ 72. Kg8 Kd7 73. Kh7 Qf7 74. Kh8 Qh5+ 75. Kg8 Ke6 76. Kf8 Qf5+ 77. Kg8 Qg6 78. Kh8 Qh6+ 79. Kg8 1-0